000 00674nam a2200181Ia 4500
008 151202s9999||||xx |||||||||||||| ||und||
082 _bPNVM-45490
100 _aपवार शरद.
245 _aमहाराष्ट्र: एक दृष्टिकोन.
260 _b"यशंवतराव चव्हाण प्रतिान,मुंबई."
260 _c1989
300 _a213
600 _aपवार शरद.
630 _aमहाराष्ट्र: एक दृष्टिकोन.
700 _aपवार शरद.
730 _aमहाराष्ट्र: एक दृष्टिकोन.
942 _cBOOK
999 _c1311441
_d1311438